000 00299nam a22001337a 4500
008 170220b xxu||||| |||| 00| 0 eng d
020 _a9780781741774
041 _aeng
080 _a615
100 _a5
101 _aSHF
245 _aCONTEMPORARY PHARMACY PRACTICE
_cJ.E.THOMPSON
942 _2udc
_cBK
999 _c5878
_d5878